| 000 | 00610nam a22001697a 4500 | ||
|---|---|---|---|
| 008 | 160921b xxu||||| |||| 00| 0 eng d | ||
| 020 | _a0230500781 | ||
| 040 |
_aKABU _cKABU |
||
| 050 |
_aRA440.85 _b.R47 2009 C.1 |
||
| 245 |
_aResearch methods for health and social care _c edited by Joanne Neale |
||
| 260 |
_aNew York _bPalgrave Macmillian _c2009 |
||
| 300 | _axx, 308 p. | ||
| 650 |
_2Medical care _xResearch _xMethodology |
||
| 650 |
_2Medical care _xResearch _xMoral and ethical aspects |
||
| 650 |
_2Health services research _xEthics |
||
| 942 |
_2lcc _cBK _hRA440.85 .R47 2009 C.1 |
||
| 999 |
_c16068 _d16068 |
||